| 000 | 00810cab a2200253 4500 | ||
|---|---|---|---|
| 001 | ABS54052 | ||
| 008 | 090401t1995 xxu||||| |||| 00| 0 eng d | ||
| 035 | _a(Sirsi) u8142 | ||
| 041 | _aeng | ||
| 100 | _aMcCloud, J. | ||
| 245 | _aCity review: San Francisco | ||
| 260 | _c1995 | ||
| 350 | _a0 | ||
| 490 |
_aNational Real Estate Investor _v37(11) October 1995, 122-124(2) |
||
| 520 | _aAn overview of the property market in San Francisco, including a table of vacancy rates by district. | ||
| 650 | _aCALIFORNIA | ||
| 650 | _aPROPERTY-COMMERCIAL PROPERTY-OFFICE PROPERTY-OFFICE PROPERTY MARKET | ||
| 650 | _aSAN FRANCISCO | ||
| 650 | _aUNITED STATES | ||
| 690 | _aPROPERTY-COMMERCIAL PROPERTY-COMMERCIAL PROPERTY MARKET | ||
| 690 | _aOVERSEAS-NORTH AMERICA | ||
| 942 | _n0 | ||
| 948 | _c04/03/1997 | ||
| 999 |
_c4970 _d4970 |
||